| 000 | 00601cam a22002291 4500 | ||
|---|---|---|---|
| 001 | sa 68000587 | ||
| 003 | DLC | ||
| 005 | 20260227112425.0 | ||
| 008 | 911001s1966 pk 000 0 urdr | ||
| 010 | _asa 68000587 | ||
| 035 | _a(OCoLC)24481418 | ||
| 040 |
_aDLC _cWaU _dDLC |
||
| 042 | _apremarc | ||
| 050 | 0 | 0 |
_aPK7070 _b.S3 |
| 100 | 0 |
_aSam Samul Mulk, _d1933- |
|
| 245 | 1 | 0 | _aKhovār, yā Citrālī, zabān kī graimar. |
| 260 | _c[1966] | ||
| 300 |
_a16, 48 p. _c21 cm. |
||
| 410 | 2 | 0 |
_aPuṣhto Akeḍemī. _tMat̤būʻāt, _v30 |
| 500 | _aIn Urdu. | ||
| 650 | 0 |
_aKhowar language _xGrammar. |
|
| 999 |
_c77311 _d77311 |
||